[Event "Thessaloniki Team Cup"]
[Site "Thessaloniki"]
[Date "2018.05.19"]
[Round "1.2"]
[White "Hristou, Alexandros"]
[Black "Hidzos, Georgios"]
[Result "1-0"]
[WhiteElo "1409"]
[BlackElo "1846"]
[PlyCount "147"]
[EventDate "2018.05.19"]
[EventType "team-k.o."]
[EventRounds "2"]
[EventCountry "GRE"]
[SourceTitle "CBM 184 Extra"]
[Source "ChessBase"]
[SourceDate "2018.06.28"]
[SourceVersion "1"]
[SourceVersionDate "2018.06.28"]
[SourceQuality "1"]
[WhiteTeam "Sykeon O Foivos"]
[BlackTeam "Sykeon Neapolis"]
[WhiteTeamCountry "GRE"]
[BlackTeamCountry "GRE"]

1. c4 e5 2. Nc3 Nc6 3. Nf3 Nf6 4. d4 e4 5. Ne5 Bb4 6. e3 Bxc3+ 7. bxc3 Ne7 8. c5 0-0 9. Be2 d6 10. cxd6 cxd6 11. Nc4 Be6 12. a4 Rc8 13. Na3 Rxc3 14. Bd2 Rc6 15. 0-0 a6 16. Rb1 Qc7 17. Rb2 Ned5 18. Qb1 Rb8 19. Rc1 Rxc1+ 20. Qxc1 Qxc1+ 21. Bxc1 Rc8 22. Bd2 Rc7 23. h3 h5 24. Ba5 Rc1+ 25. Kh2 Nc3 26. Bxc3 Rxc3 27. Nb1 Rb3 28. Rxb3 Bxb3 29. a5 g6 30. Kg3 Kf8 31. Kf4 Ke7 32. g4 hxg4 33. hxg4 d5 34. Nd2 Ba4 35. Ke5 Bc6 36. Nb3 Nd7+ 37. Kf4 Kd6 38. Kg5 Ba4 39. Nc1 Ke6 40. f3 exf3 41. Bxf3 Nb8 42. e4 dxe4 43. Bxe4 Bc6 44. Bc2 Bd5 45. Nd3 Ke7 46. Nb4 Bh1 47. Ba4 Be4 48. Kf4 Bh1 49. g5 f6 50. Bb3 f5 51. Bc4 Bc6 52. Bb3 Be4 53. Bc4 Nc6 54. Nxc6+ Bxc6 55. Bg8 Be8 56. Bd5 Bc6 57. Bg8 Bd7 58. Bd5 Bc6 59. Bg8 Bd7 60. Bd5 Bc8 61. Ke5 Kf8 62. Bf3 Ke7 63. Bd5 f4 64. Bf3 Kd7 65. Kf6 Kc7 66. d5 Bf5 67. Ke7 b5 68. axb6+ Kxb6 69. d6 a5 70. Be4 Bh3 71. Bd5 Bc8 72. Be6 f3 73. Bxc8 f2 74. Bh3 1-0